000 00688nam a2200253 a 4500
001 7048
003 BD-RjUL
005 20211208234346.0
008 130114s1963 enk eng
035 _a(BD-RjUL)
035 _a(BD-RjUL)
040 _aACAE
_beng
_dLC
_cBD-RjUL
041 1 _aengfre
082 0 4 _a551.518
_bPEM 1963
100 1 _aPedelaborde, Pierre.
_922072
245 1 4 _aThe monsoon /
_cby Pierre Pedelaborde ; translated by M.J. Clegg.
260 _aLondon :
_bMethuen,
_c1963
300 _axii, 196 p. :
_bill.
_c21 cm.
500 _aIncludes index
504 _aBibliography: p. 177-191
650 0 0 _aMonsoons.
_922073
942 _2ddc
_cBK
999 _c7048
_d7048